000 00416nam a2200169 a 4500
001 1776330596200
003 YourLibrary
005 20260416144345.0
008 260416s1989##################000#0#eng##
020 _a9780521379208
082 0 4 _a346.02
_bGOL
245 1 0 _aCambridge primary mathematics :
260 _c1989.
650 0 _aMathematics.
942 _cENGLISH
040 _aYourLibrary
_beng
_cYourLibrary
999 _c619444
_d619444